Statystyki dla Kraje zjednoczonego królestwa

Kliknij tutaj aby rozwiązać quiz!

Ogólne statystyki

  • Ten quiz został rozwiązany 34 razy
  • Średni wynik to 4 z 4

Statystyki odpowiedzi

ProcentKraj% Poprawnych
53%Anglia
100%
32%Szkocja
97%
9%Walia
97%
6%Irlandia Północna
93%

Rozkład punktacji

Percentyl według liczby udzielonych odpowiedzi

Procent ludzi z każdym wynikiem

Twoja historia wyników

Nie rozwiązałeś tego quizu